Tvorba marketingového plánu v podniku diplomová práca
Saved in:
| Main Author: | |
|---|---|
| Corporate Author: | |
| Other Authors: | |
| Format: | Book |
| Language: | Slovak |
| Published: |
Bratislava
2008
|
| Tags: |
No Tags, Be the first to tag this record!
|
MARC
| LEADER | 00000nam$a2200000$$$4500 | ||
|---|---|---|---|
| 001 | 0086396 | ||
| 005 | 20240201120528.9 | ||
| 041 | 0 | |a slo | |
| 044 | |a SK | ||
| 245 | 1 | 0 | |a Tvorba marketingového plánu v podniku |b diplomová práca |c Darina Beleščáková ; škol. Miroslav Grznár |
| 264 | 1 | |a Bratislava |c 2008 | |
| 300 | |a 83 s. | ||
| 100 | 1 | |a Beleščáková, Darina | |
| 700 | 1 | |a Grznár, Miroslav | |
| 710 | 2 | |a Fakulta podnikového manažmentu EU. Katedra manažmentu | |